Mining engineers' handbook (Record no. 34858)

000 -LEADER
fixed length control field 00598nam a22002171 4500
001 - CONTROL NUMBER
control field 34858
003 - CONTROL NUMBER IDENTIFIER
control field BD-DhUET
008 - FIXED-LENGTH DATA ELEMENTS--GENERAL INFORMATION
fixed length control field 831104s1941 nyua b 000 0 eng
040 ## - CATALOGING SOURCE
Original cataloging agency DLC
Transcribing agency DLC
Modifying agency BD-DhUET
082 00 - DEWEY DECIMAL CLASSIFICATION NUMBER
Classification number 622.02
Item number PEE/1941
100 ## - MAIN ENTRY--PERSONAL NAME
Personal name Peele, Robert
245 10 - TITLE STATEMENT
Title Mining engineers' handbook
250 ## - EDITION STATEMENT
Edition statement 3rd ed.
260 ## - PUBLICATION, DISTRIBUTION, ETC. (IMPRINT)
Place of publication, distribution, etc. New Delhi
Name of publisher, distributor, etc. Wiley Eastern
Date of publication, distribution, etc. 1941
300 ## - PHYSICAL DESCRIPTION
Extent Various paging
Other physical details illus., tables, diagrs
Dimensions 22 cm.
500 ## - GENERAL NOTE
General note Volume 1
504 ## - BIBLIOGRAPHY, ETC. NOTE
Bibliography, etc Includes bibliographies
650 #0 - SUBJECT ADDED ENTRY--TOPICAL TERM
Topical term or geographic name as entry element Mining engineering-Handbooks, manuals, etc.
700 1# - ADDED ENTRY--PERSONAL NAME
Personal name Church, John A.
942 ## - ADDED ENTRY ELEMENTS (KOHA)
Koha item type General Book
Holdings
Copy number Piece designation (barcode) Koha date last seen Withdrawn status Shelving location Koha full call number Not for loan Koha normalized classification for sorting Date acquired Price effective from Koha item type Damaged status Sublocation or collection (holding branch) Source of classification or shelving scheme Location (home branch) Lost status
1260012015-10-14 Reference section622.02/PEE/1941 622_020000000000000_PEE_19412015-10-142015-10-14General Book Central Library, BUET Central Library, BUET 
2210352015-10-19 Reference section622.02/PEE/1941 622_020000000000000_PEE_19412015-10-192015-10-19Reference Central Library, BUET Central Library, BUET